000 00651cam a2200241 i 4500
001 4616799
005 20180103081239.0
008 770812s1976 pl abc 000 0 eng
010 _a 77359152
015 _aP76-3448
020 _czł200.00
040 _aDLC
_cDLC
_dDLC
041 1 _aengpol
043 _ae-pl---
080 _a943.8
082 0 0 _a943.8 ALE
100 1 _a16
101 _aHIS
240 1 0 _aPolska tysiącletnia.
_lEnglish
245 1 2 _aA thousand years of Poland /
_c[Aleksander Gieysztor, Stanisław Herbst, Bogusław Leśnodorski ; transl.
906 _a7
_bcbc
_corignew
_d4
_encip
_f19
_gy-gencatlg
942 _2ddc
_cBK
999 _c39651
_d39651